Tous les marchands de Escape From Tarkov - Statistiques

Statistiques générales
  • Ce quiz a été pris 19 fois
  • Le résultat moyen est 7 sur 10
Statistiques - réponses
Réponse % Correct
Prapor
94%
Fence
82%
La Toubib
82%
Ragman
82%
Le mécano
71%
Peacekeeper
71%
Skier
71%
Ref
65%
Jager
47%
Lightkeeper
41%
Aucun quiz correspondant
Distribution des résultats
% des personnes avec chaque résultat
Percentile par nombre de réponses
Votre historique - résultats
Vous n’avez pas pris ce quiz